UBT Library

The Swedish economy / (Record no. 41952)

000 -LEADER
fixed length control field 00730pam a2200241 a 4500
001 - CONTROL NUMBER
control field 3825324
005 - DATE AND TIME OF LATEST TRANSACTION
control field 20180206092449.0
008 - FIXED-LENGTH DATA ELEMENTS--GENERAL INFORMATION
fixed length control field 861103s1987 dcua b 001 0 eng
010 ## - LIBRARY OF CONGRESS CONTROL NUMBER
LC control number 86029920
020 ## - INTERNATIONAL STANDARD BOOK NUMBER
International Standard Book Number 0815710429 :
Terms of availability $32.95 (est.)
020 ## - INTERNATIONAL STANDARD BOOK NUMBER
International Standard Book Number 0815710410 (pbk.) :
Terms of availability $12.95 (est.)
040 ## - CATALOGING SOURCE
Original cataloging agency DLC
Transcribing agency DLC
Modifying agency DLC
041 ## - LANGUAGE CODE
Language code of text/sound track or separate title eng
043 ## - GEOGRAPHIC AREA CODE
Geographic area code e-sw---
080 ## - UNIVERSAL DECIMAL CLASSIFICATION NUMBER
Universal Decimal Classification number 330.9485.058 BAR
082 00 - DEWEY DECIMAL CLASSIFICATION NUMBER
Classification number 330.9485.058 BAR
Edition number 19
100 ## - Rafti
Rafti 52
101 ## - Shkurtesa
Shkurtesa ECO
245 04 - TITLE STATEMENT
Title The Swedish economy /
Statement of responsibility, etc Barry P. Bosworth ... [et al.] ; Barry P. Bosworth and Alice M. Rivlin, editors.
504 ## - BIBLIOGRAPHY, ETC. NOTE
Bibliography, etc Includes bibliographical references and index.
906 ## - LOCAL DATA ELEMENT F, LDF (RLIN)
a 7
b cbc
c orignew
d 1
e ocip
f 19
g y-gencatlg
942 ## - ADDED ENTRY ELEMENTS (KOHA)
Source of classification or shelving scheme
Item type Books
Holdings
Withdrawn status Lost status Source of classification or shelving scheme Damaged status Not for loan Collection code Permanent location Current location Shelving location Date acquired Total Checkouts Full call number Barcode Date last seen Price effective from Koha item type
          Koleksioni i përgjithshem UBT - Lipjan UBT - Lipjan Koleksioni i përgjithshem 02/06/2018   330.9485.058 BAR 002-2999086 02/06/2018 02/06/2018 Books
UBT Library © 2015-2024. All rights reserved University Education for Business and Technology